000 00715nam a22001937a 4500
003 BUBTL
008 240303b ||||| |||| 00| 0 eng d
020 _a9789849175100
082 _a891.443/ B2233c/ 2016
100 _95701
_aবন্দ্যোপাধ্যায়, বিভূতিভূষণ
245 _aচাঁদের পাহাড় /
_cবিভূতিভূষণ বন্দ্যোপাধ্যায়
250 _a1st ed
260 _aঢাকা :
_bগদ্যপদ্য,
_cc2016
300 _a108 p. :
_bills.;
_c22 cm.
650 0 _91687
_aবাংলা সাহিত্য
856 _k0
_l0
_yDownload
942 _2ddc
_cBK
999 _c7237
_d7237